| 000 | 006700000a22001930004500 | ||
|---|---|---|---|
| 090 |
_aAR _b03081 |
||
| 245 | 1 | 0 | _aRevision of the systematics and taxonomy of certain north american Gomphocerine grasshoppers (<Gomphocerinae, Acrididae, Orthoptera>) |
| 650 | 1 | 4 |
_aInsectos _992622 |
| 650 | 1 | 4 |
_aEntomología _94483 |
| 650 | 1 | 4 |
_aSistemática _93510 |
| 650 | 1 | 4 |
_aTaxonomía animal _98245 |
| 650 | 1 | 4 |
_aHábitat animal _994646 |
| 651 | 4 |
_pEstados Unidos _992749 |
|
| 653 | _fAcrididae | ||
| 041 | 0 | _aInglés | |
| 100 | 1 |
_aJago, Nicholas D. _996682 |
|
| 942 | _cARTICULO | ||
| 773 | 1 |
_tProceedings of the Academy of Natural Sciences Philadelphia _3123 _h7 _q231-342 _d1969 _g121 |
|
| 999 |
_c12138 _d12138 |
||